header

Multilateral development banks and international finance (Record no. 60269)

MARC details
000 -LEADER
fixed length control field 01517nam a2200397 a 4500
082 04 - DEWEY DECIMAL CLASSIFICATION NUMBER
Classification number 332.1/53
245 00 - TITLE STATEMENT
Title Multilateral development banks and international finance
260 ## - PUBLICATION, DISTRIBUTION, ETC. (IMPRINT)
Place of publication New York :
Name of publisher Nova Science Publishers,
Year of publication c2010.
300 ## - PHYSICAL DESCRIPTION
Number of Pages ix, 191 p. :
Other physical details ill., maps.
490 1# - SERIES STATEMENT
Series statement Financial institutions and services
650 #0 - SUBJECT ADDED ENTRY--TOPICAL TERM
Topical Term Development banks.
Topical Term International finance.
Topical Term Debt relief
Topical Term Economic assistance.
Topical Term Economic assistance, American.
700 1# - ADDED ENTRY--PERSONAL NAME
Personal name Groffe, Leah M.
856 40 - ELECTRONIC LOCATION AND ACCESS
Uniform Resource Identifier http://site.ebrary.com/lib/rucke/Doc?id=10680872

No items available.

© 2026 Rongo University
Contact us: librarian | system librarian | Rongo university